Countries that have won a North Korean Film Award - Statistics

General Stats
  • This quiz has been taken 66 times
  • The average score is 7 of 13
Answer Stats
Amount of Awards Answer % Correct
12 China
100%
7 Russia
98%
1 India
76%
12 North Korea
74%
1 Vietnam
74%
1 France
65%
9 Iran
65%
5 Germany
63%
1 Egypt
41%
1 Syria
33%
1 Switzerland
20%
2 Belgium
13%
1 Bosnia and Herzegovina
9%
No matching quizzes found
Score Distribution
Percent of People with Each Score
Percentile by Number Answered
Your Score History
You have not taken this quiz